=LDR 00000nam 2200000 4500 =001 INLIS000000000037301 =005 20200212031817 =035 ##$$a 0010-061300000037301 =008 200212################g##########0#ind## =041 ##$$a Ind =082 ##$$a 155.5 =090 ##$$a 155.5, Sur q =100 ##$$a Surbakti,E.B =245 1#$$a Question and answers teenager : $b Solusi menata keharmonisan dinamika hidup remaja /$c Drs. E.B. Surbakti, M. A. =260 ##$$a Jakarta :$b PT Elex Media Komputindo,$c 2011 =300 ##$$a x,305 hlm. ; $c 21 x 14 cm =650 #4$$a Psikologi Remaja =850 ##$$a NBPNMAT =020 ##$$a 978-602-00-1040-3 =084 ##$$a 155.5 SUR q =520 ##$$a Bibliografi; hlm.299-305 =990 ##$$a 21104031 =990 ##$$a 21104032 =990 ##$$a 21104033 =990 ##$$a 1201100435